| 000 | 01269cam a2200301 u 4500 | ||
|---|---|---|---|
| 005 | 20160506111320.0 | ||
| 008 | 970408s1996 ck r 00010 spa d | ||
| 020 | _a9589604706 | ||
| 040 |
_ala _cla _dCO-BoIAVH |
||
| 041 | 0 | _aspa | |
| 044 | _ack | ||
| 082 | 0 | 4 |
_a338.8 _bC91p |
| 245 | 0 | 3 |
_aEl crecimiento de la productividad en Colombia : _bresultados del estudio nacional sobre determinantes del crecimiento de la productividad / _cCoordinador Ricardo Chica ; consultores Edgar Bejarano ... [et al.] ; interventores Alvaro Balcázar ... [et al.]. |
| 260 |
_a[Bogotá] : _bDNP, Colciencias, Fonade, _c1996. |
||
| 300 |
_axv, 518 páginas ; _c27 x 21 centímetros |
||
| 504 | _aIncluye referencias bibliográficas. | ||
| 650 | 6 |
_aProductividad de capital _zColombia. |
|
| 650 | 6 |
_aProductividad industrial _zColombia. |
|
| 650 | 4 |
_aProductividad agrícola _zColombia. |
|
| 651 | 6 |
_aColombia _xPolítica económica. |
|
| 700 | 1 | _aChica, Ricardo. | |
| 700 | 1 | _aBejarano, Edgar. | |
| 700 | 1 | _aBalcázar, Alvaro. | |
| 710 | 1 |
_aColombia. _bDepartamento Nacional de Planeación. |
|
| 710 | 2 | _aColciencias. | |
| 710 | 2 | _aFondo Financiero de Proyectos de Desarrollo. | |
| 942 |
_2ddc _cLIBRO |
||
| 999 |
_c5386 _d5386 |
||